BIBLIOTHÈQUE DE LA MAISON DU MEXIQUE

Logo 1 Logo 2

Derecho electoral en México (notice nᵒ 11256)

détails MARC
000 -Sello discográfico
campo de control de longitud fija 00849nam a2200277 4500
005 - Identificación de versión
campo de control 20260407140355.0
010 ## - Número Estándar Internacional de Libros (ISBN)
Número (ISBN) 968-24-5889-7
035 ## - Otros números de control del sistema
Número de control del sistema 4134
099 ## - fechas locales
Tipo de ítem Koha LIBRO
100 ## - Datos de procesamiento general
Datos de procesamiento general 20040429d1999 m y1spay5003 ba
101 ## - Idioma del recurso
Idioma del texto, banda sonora, etc. Español; Castellano
105 ## - Campo de datos codificados: Material textual, monográfico
Datos codificados de monografía a 001zy
200 1# - Título y mención de responsabilidad
Título propio Derecho electoral en México
Designación general del material texto impreso
Otra información del título introducción general
Primer mención de responsabilidad Eduardo Castellanos Hernández
205 ## - Declaración de edición
Declaración de edición 1a ed
210 ## - Publicación, distribución, etc.
Lugar de publicación, distribución, etc. México
Nombre del editor, distribuidor, etc. Editorial Trillas
Fecha de publicación, distribución, etc. 1999
215 ## - Descripción física
Designación de material específico y extensión del ítem 336 p
Otras características físicas il.
Dimensiones 23 cm
320 ## - Nota de índices/bibliografías internas
Texto de la nota Incluye bibliografca: p.312-315 e índice onomástico y analítico
345 ## - Nota de información de adquisición
Fuente de adquisición/dirección de la suscripción [OBSOLETO] Donación Eduardo de Jesús Castellanos Hernández
606 ## - Término temático usado como materia
Elemento de entrada Derecho electoral
Subdivisión geográfica México
Número Koha 15697
660 ## - Código de área geográfica
Código MX
700 ## - Nombre personal - Responsabilidad primaria
Elemento de entrada Castellanos Hernández
Parte del nombre distinta del elemento de entrada Eduardo de Jesús
Número Koha 15698
801 #0 - Fuente de origen
País FR
Agencia cm
Reglas de catalogación (convenciones descriptivas) AFNOR
942 ## - ELEMENTOS DE ENTRADA SECUNDARIOS (KOHA)
Tipo de ítem Koha Livre
Exemplaires
Estatus retirado Estado de daño Estado de pérdida Fuente de la clasificación o esquema de estantería Fecha de adquisición Biblioteca de origen Biblioteca actual Código de barras Precio de reemplazo Signatura topográfica completa No para préstamo Tipo de ítem Koha Nota pública Nota no pública
      Clasificación Decimal Dewey 05/08/2025 Casa México Paris Casa México Paris 002040 05/08/2025 342.72 C348D   Livre 20120223LIV 751145101